| 000 | 00968nam a2200277Ia 4500 | ||
|---|---|---|---|
| 003 | OSt | ||
| 005 | 20220918170401.0 | ||
| 006 | a|||||r|||| 00| 0 | ||
| 007 | ta | ||
| 008 | 220917b |||||||| |||| 00| 0 eng d | ||
| 020 |
_a9780199480135 (hbk) _cINR 2495.00 |
||
| 024 | _a349,035 | ||
| 037 |
_b8513, 15/01/2019, Efficient Book Distributors _cTextual |
||
| 040 |
_aARTS _cARTS _beng |
||
| 041 |
_2eng _aeng |
||
| 082 | _aV2:19(zP), Q8 | ||
| 100 |
_aGanguly Sumit Ed. _928736 |
||
| 245 | 0 | _aOxford handbook of India's national security | |
| 260 |
_aNew Delhi _bOxford University Press India _c2018 |
||
| 300 |
_axx,532p. _ccm. |
||
| 650 |
_aFOREIGN RELATIONS; SECURITIES _928737 |
||
| 700 |
_a Blarel Nicolas Ed. _928738 |
||
| 700 |
_a Pardesi Manjeet S. Ed. _928739 |
||
| 942 |
_hV2:19(zP), Q8 _cTEXL _2CC |
||
| 999 |
_c133915 _d133915 |
||